| 000 | 04324cam a22005294i 4500 | ||
|---|---|---|---|
| 003 | PE-LiUPU | ||
| 005 | 20250731183421.0 | ||
| 008 | 150625s2006 sp a rb 000 0 spa d | ||
| 020 | _a8425221676 | ||
| 020 | _a9788425221675 | ||
| 035 | _a(Sirsi) i9788425221675 | ||
| 040 |
_aPE-LiUPU _bspa _cPE-LiUPU _erda |
||
| 049 | _aPRUA | ||
| 082 | 0 | 4 |
_a729.11 _bN48 _221 |
| 082 | 0 | 4 |
_a720.12 _bN47 2011 |
| 100 | 1 |
_aNeufert, Ernst, _eautor. |
|
| 245 | 1 | 0 |
_aArte de proyectar en arquitectura : _bfundamentos, normas, prescripciones sobre recintos, edificios, exigencias de programa y relaciones espaciales, dimensiones de edificios, locales, estancias, instalaciones y utensilios con el ser humano como medida de objetivo / _cErnst Neufert. |
| 250 | _a15a edición. | ||
| 264 | 1 |
_aBarcelona : _bGustavo Gili, _c2006. |
|
| 300 |
_aXII, 672 páginas : _bilustraciones ; _c30 centímetros |
||
| 336 |
_atext _2rdacontent |
||
| 337 |
_aunmediated _2rdamedia |
||
| 338 |
_avolume _2rdacarrier |
||
| 504 | _aBibliografía: página 642-651 . | ||
| 505 | 0 | _aNormas fundamentales -- Dimensiones básicas. Proporciones -- Proyectar -- Ejecución de obras -- Elementos de construcción -- Calefacción -- Ventilación -- Física de la construcción, Protección de edificios -- Alumbrado, Iluminación, Vidrio, Luz natural -- Puertas, Ventanas -- Escaleras -- Ascensores -- Viales. Espacios de circulación -- Jardines. Invernaderos -- Espacios auxiliares en viviendas. Vestíbulos -- Espacios de servicio en viviendas -- Espacios de las viviendas -- Piscinas cubiertas privadas -- Lavanderías. Lavaderos -- Balcones -- Caminos, calles -- Viviendas de vacaciones -- Tipología residencial -- Construcción ecológica -- Construcción en altura -- Rehabilitación de edificios -- Escuelas -- Universidades -- Residencias de estudiantes -- Laboratorios -- Guarderías -- Zonas de juegos -- Albergues juveniles -- Bibliotecas -- Edificios de oficinas -- Bancos -- Pasajes acristalados -- Tipologías -- Tiendas, supermercados y autoservicios -- Técnicas de almacenamiento -- Talleres -- Edificios industriales -- Reutilización de edificios -- Granjas -- Establos -- Ferrocarriles -- Aparcamientos -- Garajes -- Edificios de aparcamiento -- Estaciones de servicios -- Parques de bomberos -- Aeropuertos -- Restaurantes -- Hoteles -- Moteles -- Palacios de congresos -- Zoológicos -- Teatros -- Cines -- Circos -- Centros multifuncionales -- Instalaciones deportivas -- Hospitales, Consultorios médicos -- Construir para los discapacitados -- Residencias de ancianos - -Iglesias, Sinagogas, Mezquitas, Museos -- Cementerios -- Protección contra incendios -- Medidas, Pesos, Normas. | |
| 526 | _aP158 | ||
| 526 | _aP146 | ||
| 526 | _aP17 | ||
| 526 | _aP12 | ||
| 526 | _aP06 | ||
| 541 | _g001-000377; | ||
| 541 | _g015-0016383; | ||
| 650 | 1 | 4 |
_aArquitectura _vManuales, etc. |
| 910 |
_bjv _clch _d20080317 |
||
| 910 |
_btqv _cwelc _d20170906 |
||
| 910 |
_adbm _bncf _cncf _d20190430 |
||
| 942 |
_2ddc _cBOOK |
||
| 949 |
_a729.11 N48 _wDEWEY _c1 _i57966 _lCCODEBUL1 _mBUL _p123.00 _r0 _sY _tBOOK _u2015-6-25 _xINGENIERIA _PP06 _0COMPRA _o.STAFF. Colección General |
||
| 949 |
_a729.11 N48 _wDEWEY _c2 _i69690 _lCCODEBUL1 _mBUL _p122.00 _r0 _sY _tBOOK _u2015-6-25 _xINGENIERIA _PP06 _0COMPRA _o.STAFF. Colección Ingeniería y Arquitectura |
||
| 949 |
_a720.12 N47 2011 _wDEWEY _c1 _iFJ08709 _lCCODEBUJ1 _mBUJ _p88.30 _r0 _sY _tBOOK _u2017-09-06 _xINGENIERIA _PP25 _0COMPRA _o.STAFF. Colección General Juliaca |
||
| 994 |
_aC0 _bPEPRU |
||
| 596 | _a1 3 | ||
| 999 |
_a729.11 N48 _wDEWEY _c46948 _i57966 _d46948 _e2019-3-18 _f2021-11-10 _g7 _lCCODEBUL1 _mBUL _n7 _p123.00 _q6 _r0 _sY _tBOOK _u2015-6-25 _xINGENIERIA _PP06 _0COMPRA _o.STAFF. Colección General |
||
| 999 |
_a729.11 N48 _wDEWEY _c2 _i69690 _d2022-6-23 _e2022-6-9 _f2021-11-10 _g8 _lCCODEBUL1 _mBUL _n26 _p122.00 _q9 _r0 _sY _tBOOK _u2015-6-25 _xINGENIERIA _PP06 _0COMPRA _o.STAFF. Colección Ingeniería y Arquitectura |
||
| 999 |
_a720.12 N47 2011 _wDEWEY _c1 _iFJ08709 _d2018-9-25 _e2018-9-21 _f2022-2-1 _g3 _lCCODEBUJ1 _mBUJ _n4 _p88.30 _q4 _r0 _sY _tBOOK _u2017-9-6 _xINGENIERIA _PP25 _0COMPRA _o.STAFF. Colección General Juliaca |
||
| 980 |
_81 _gALBERTO SANCHEZ Responsable de Automatización |
||